<?xml version="1.0" encoding="UTF-8"?>
<marc:record xmlns:marc="http://www.loc.gov/MARC21/slim">
   <marc:leader>00000nam a2200000 a 4500</marc:leader>
   <marc:datafield ind1="1" ind2=" " tag="100">
      <marc:subfield code="a">Giebken, Sabine</marc:subfield>
      <marc:subfield code="4">aut</marc:subfield>
      <marc:subfield code="e">Verfasser/-in</marc:subfield>
   </marc:datafield>
   <marc:datafield ind1="0" ind2="0" tag="245">
      <marc:subfield code="a">Wildpferde mutig &amp; frei - der verschwundene Mustang</marc:subfield>
   </marc:datafield>
   <marc:datafield ind1=" " ind2="1" tag="264">
      <marc:subfield code="b">Loewe</marc:subfield>
      <marc:subfield code="c">2024</marc:subfield>
   </marc:datafield>
   <marc:datafield ind1="1" ind2=" " tag="490">
      <marc:subfield code="a">Wildpferde mutig &amp; frei</marc:subfield>
   </marc:datafield>
   <marc:datafield ind1="1" ind2=" " tag="520">
      <marc:subfield code="a">Das verspielte Mustang-Jungtier Ska jagt allen anderen Pferden einen heftigen Schrecken ein. (ab 7) (JE.NP) Am liebsten streift die Mustang-Stute Luna mit ihrer Herde in der Prärie umher, die jedoch einige Gefahren birgt: steile Flussufer, reißende Flüsse, Abhänge oder giftige Tiere. Ihr kleiner Bruder Ska trotzt diesen und lässt sich stattdessen lieber vom Abenteuer treiben. Da die kranke Mutter nicht auf Ska aufpassen kann, springt kurzerhand Luna ein, die weder Lust noch Zeit für Skas Spielideen hat. Dies wird der Herde zum Verhängnis. Das Futter wird knapp, sodass die Pferde weiterziehen müssen – notfalls auch ohne Ska, denn der ist seit der Nacht verschwunden. Mysteriöse Zeichen am Mondhimmel könnten Stute Luna auf die richtige Spur bringen, immerhin ist sie eine Mondflüsterin! Das spannende Finale endet mit einer unerwarteten Wende, die den Spannungsbogen bis zuletzt aufrecht erhält. In der Pferdegeschichte verpackt finden sich Parallelen zu unseren Menschenkindern, die durchaus auch wild und unzähmbar sind. Pointiert eingesetzte Illustrationen unterstützen den Lesefluss für Kinder ab sieben Jahren, die ihre Lesegeschwindigkeit gerade erst entwickeln und deshalb kleine Verschnaufpausen gern in Anspruch nehmen.</marc:subfield>
   </marc:datafield>
   <marc:datafield ind1=" " ind2=" " tag="020">
      <marc:subfield code="a">9783743217973</marc:subfield>
      <marc:subfield code="9">9783743217973</marc:subfield>
   </marc:datafield>
</marc:record>
